Statistiken für Alle deutschen Städte am Rhein

Klicken Sie hier um das Quiz zu spielen!

Allgemein

  • Dieses Quiz wurde 207 mal gespielt
  • Das Durchschnittsergebnis liegt bei 31 aus 93

Antwortstatistiken

EinwohnerStadtBundesland% Korrekt
1.087.863KölnNRW
97%
621.877DüsseldorfNRW
94%
218.578MainzRLP
94%
114.052KoblenzRLP
89%
310.658MannheimBW
89%
329.673BonnNRW
88%
498.686DuisburgNRW
85%
278.474WiesbadenHessen
85%
172.253Ludwigshafen am RheinRLP
84%
312.060KarlsruheBW
81%
163.729LeverkusenNRW
77%
84.911KonstanzBW
72%
50.561SpeyerRLP
67%
153.896NeussNRW
65%
83.542WormsRLP
65%
227.417KrefeldNRW
64%
25.899Bingen am RheinRLP
60%
61.283FriedrichshafenBW
60%
25.543Lindau (Bodensee)Bayern
57%
36.664KehlBW
53%
60.230WeselNRW
48%
52.388KleveNRW
47%
21.607XantenNRW
46%
49.918RastattBW
45%
64.765NeuwiedRLP
42%
9.949Rüdesheim am RheinHessen
42%
30.961Emmerich am RheinNRW
39%
29.922AndernachRLP
38%
48.762Frankenthal (Pfalz)RLP
36%
17.116RemagenRLP
35%
30.150Weil am RheinBW
35%
67.373DinslakenNRW
33%
11.215Mülheim-KärlichRLP
33%
64.340DormagenNRW
32%
41.277KönigswinterNRW
32%
2.779St. GoarRLP
32%
35.193Ingelheim am RheinRLP
31%
15.413BoppardRLP
30%
40.948Monheim am RheinNRW
29%
22.475ÜberlingenBW
28%
24.202Waldshut-TiengenBW
28%
20.798GermersheimRLP
27%
25.812Bad HonnefNRW
26%
18.042LahnsteinRLP
26%
31.496Radolfzell am BodenseeBW
26%
33.083Rheinfelden (Baden)BW
26%
15.488Breisach am RheinBW
25%
6.044MeersburgBW
24%
1.867BacharachRLP
23%
56.415MeerbuschNRW
23%
1.285St. GoarshausenRLP
23%
36.347WesselingNRW
22%
16.971Eltville am RheinHessen
21%
30.854RheinbergNRW
21%
38.667NiederkasselNRW
19%
17.630SinzigRLP
19%
18.120Wörth am RheinRLP
18%
17.508Bad SäckingenBW
17%
48.321BornheimNRW
16%
834KaubRLP
16%
6.204Linz am RheinRLP
16%
2.781OberweselRLP
16%
5.004UnkelRLP
16%
36.017Voerde (Niederrhein)NRW
16%
20.206RheinstettenBW
15%
7.582OppenheimRLP
14%
16.888BendorfRLP
13%
21.700HockenheimBW
13%
13.884KalkarNRW
13%
32.598LampertheimHessen
13%
8.451NiersteinRLP
13%
11.849Oestrich-WinkelHessen
13%
21.100ReesNRW
13%
9.531Bad BreisigRLP
12%
16.854Ginsheim-GustavsburgHessen
12%
3.798LorchHessen
12%
9.157WeißenthurmRLP
12%
3.002BraubachRLP
11%
12.273Neuenburg am RheinBW
11%
21.644SchwetzingenBW
11%
8.843VallendarRLP
11%
11.273RheinauBW
10%
2.946RhensRLP
10%
13.135WehrBW
10%
6.009Bad HönningenRLP
9%
10.558GernsheimHessen
9%
9.066Laufenburg (Baden)BW
9%
13.627PhilippsburgBW
9%
23.801RiedstadtHessen
9%
11.634GeisenheimHessen
6%
5.444HagenbachRLP
6%
5.013LichtenauBW
4%
6.097Vogtsburg im KaiserstuhlBW
4%

Verteilung der Resultate

Perzentil nach korrekt beantworteten Fragen

Anzahl Personen mit jedem Resultat

Ihre Resultats-Entwicklung

Sie haben dieses Quiz noch nicht gespielt